| 000 | 00587nam a2200205 a 4500 | ||
|---|---|---|---|
| 008 | |||
| 049 | _aMAIN | ||
| 090 |
_aRA652 _bWIL |
||
| 100 | 1 | _aWillan, R.J. | |
| 245 | 1 | 0 |
_aClinical hat pegs for students and graduates / _cby R.J. Willan. |
| 260 |
_aLondon : _bWillan Heinemann Medical Books, _c1959. |
||
| 260 |
_ax,116 p. _bill. ; _c19 cm. |
||
| 500 | _aIncludes index. | ||
| 650 | _aClinical practice | ||
| 907 |
_a.b10292378 _b13-06-11 _c28-02-11 |
||
| 003 | |||
| 005 | 20230120204059.0 | ||
| 040 | _cNUST | ||
| 942 |
_cBOOKS _kRA652 _mWIL |
||
| 999 |
_c116748 _d116748 |
||